00316nam a2200121Ia 4500008004100000040001600041041001200057082001400069100001600083245004700099260003200146300001600178230917s9999||||xx |||||||||||||| ||und|| e51813aMAIN aEnglish aB N315A:J aAttar Chand 0aJawaharlal Nehru and his social philosophy aDelhibAmar Prakashanc1989 axix, 208 p.